Kỹ thuật nuôi lợn nái mắn đẻ sai con

保存先:
書誌詳細
第一著者: Phạm Hữu Doanh
フォーマット: 図書
言語:Undetermined
出版事項: Hà Nội Nông Nghiệp 2004
主題:
タグ: タグ追加
タグなし, このレコードへの初めてのタグを付けませんか!
Thư viện lưu trữ: Trung tâm Học liệu Trường Đại học Cần Thơ
LEADER 00551nam a2200193Ia 4500
001 CTU_65141
008 210402s9999 xx 000 0 und d
020 |b 10500 
082 |a 636.4082 
082 |b D408 
100 |a Phạm Hữu Doanh 
245 0 |a Kỹ thuật nuôi lợn nái mắn đẻ sai con 
245 0 |c Phạm Hữu Doanh và Lưu Kỷ 
260 |a Hà Nội 
260 |b Nông Nghiệp 
260 |c 2004 
650 |a breedingswine 
904 |i Minh 
980 |a Trung tâm Học liệu Trường Đại học Cần Thơ